000 00777cam a2200193 4500
020 _a0309019117
082 0 0 _a388.4
_bHAM
_cD
110 2 _aCreighton, Hamburg, Planning Consultants.
_938727
245 1 0 _aData requirements for metropolitan transportation planning.
260 _a[Washington]
_bHighway Research Board, National Research Council,
_c1971.
300 _a90 p.
_billus.
_c28 cm.
490 1 _aNational Cooperative Highway Research Program. Report
500 _a"Research sponsored by the American Association of State Highway Officials in cooperation with the Federal Highway Administration."
526 _a0
_b0
_c0
_d388_400000000000000_HAM
650 0 _aNUST
_96342
650 0 _aTraffic surveys.
_923118
650 0 _aUrban transportation.
942 _2ddc
_cBK
999 _c543370
_d543370